| 000 | 00904nam a2200193 i 4500 | ||
|---|---|---|---|
| 001 | 48515 | ||
| 003 | ES-MaACL | ||
| 005 | 20230906161751.0 | ||
| 007 | t| | ||
| 008 | 150415s1893 sp ||||1| spa | | ||
| 110 | 2 |
_aUniversidad Literaria de Salamanca. _97390 |
|
| 245 | 1 | 0 |
_aMemoria sobre el estado de la instrucción en esta Universidad y establecimientos de enseñanza de su distrito : _bcorrespondiente al curso académico de 1892 a 1893 ; Anuario para el de 1893 a 1894 ; Variedades. |
| 260 |
_aSalamanca : _bUniversidad Literaria de Salamanca, _c1893 ( _fEstab. Tip. de Francisco Núñez) |
||
| 300 |
_a135 p. ; _c31 cm. |
||
| 530 | _aDisponible en formato digital. | ||
| 610 | 2 | 4 |
_aUniversidad Literaria de Salamanca- _vMemorias. _9155720 |
| 852 |
_aES-MaACL _jT-774-F-1 |
||
| 856 |
_uhttp://bibliotecadigital.jcyl.es/es/consulta/registro.do?id=10000129222 _zBiblioteca Digital de Castilla y León |
||
| 999 |
_c48515 _d48515 |
||